00309 a2200097 4500001001000000005001700010008004100027245005700068100002400125773006200149ART_3060920260410162002.0260409a 10aSimulación estadística de sistemas previsionales1 aDieulefait, Enrique0 tForo económicog- Año II, Nº 3 (nov. 1996)wREV30369